Statistics for Largest Cities in Indonesia

Click here to take the quiz!

General Stats

  • This quiz has been taken 28 times
  • The average score is 4 of 8

Answer Stats

Answer % Correct
Jakarta
100%
Surabaya
77%
Bandung
69%
Medan
62%
Makassar
46%
Palembang
46%
Semarang
23%
Bandar Lampung
0%

Score Distribution

Percentile by Number Answered

Percent of People with Each Score

Your Score History

You have not taken this quiz